000 00241nam a2200097Ia 4500
008 190216s9999||||xx |||||||||||||| ||und||
100 _aNull
245 0 _aHindi-Prathi Nithi Kahaniyam
260 _bThe Macmillian Co. Of India Ltd
942 _cBK
999 _c18164
_d18164